University Home | Library Home | Institutional Repository

Heroes of Brest Fortress / (Record no. 118565)

MARC details
000 -LEADER
fixed length control field 00791cam4a220021700 4500
001 - CONTROL NUMBER
control field tmp15930916
003 - CONTROL NUMBER IDENTIFIER
control field UPRA
005 - DATE AND TIME OF LATEST TRANSACTION
control field 20190821142209.0
008 - FIXED-LENGTH DATA ELEMENTS--GENERAL INFORMATION
fixed length control field 951113q19501959ru eng u
035 ## - SYSTEM CONTROL NUMBER
System control number (Sirsi) r92393
035 ## - SYSTEM CONTROL NUMBER
System control number (UPRA)tmp15930916
040 ## - CATALOGING SOURCE
Transcribing agency UPRA
041 1# - LANGUAGE CODE
Language code of text/sound track or separate title eng rus
Language code of original eng rus
050 #0 - LIBRARY OF CONGRESS CALL NUMBER
Classification number D 764 Smi 195-?
100 1# - MAIN ENTRY--PERSONAL NAME
Personal name Smirnov, S. S. (Sergei Sergeevich), 1915-
Fuller form of name Smirnov, S. S. (Sergei Sergeevich), 1915-
Dates associated with a name Smirnov, S. S. (Sergei Sergeevich), 1915-
Linkage A51258.1
245 10 - TITLE STATEMENT
Title Heroes of Brest Fortress /
Statement of responsibility, etc. [translated by R. Daglish].
260 ## - PUBLICATION, DISTRIBUTION, ETC.
Place of publication, distribution, etc. Moscow :
Name of publisher, distributor, etc. Foregin Languages Publishing House,
Date of publication, distribution, etc. [195-?]
650 #0 - SUBJECT ADDED ENTRY--TOPICAL TERM
Topical term or geographic name entry element Brest-Litvosk, Battle of, 1941-
Linkage S40187.1
949 ## - LOCAL PROCESSING INFORMATION (OCLC)
a D 764 Smi 195-?
w lcc
c 1
i 33729000044128
m MAIN
p 2500
t BOOK
l ON-SHELF

No items available.

© 2026 - The University of Zambia Library - Koha v25.11